<?xml version="1.0" encoding="UTF-8"?>
<record
    xmlns:xsi="http://www.w3.org/2001/XMLSchema-instance"
    xsi:schemaLocation="http://www.loc.gov/MARC21/slim http://www.loc.gov/standards/marcxml/schema/MARC21slim.xsd"
    xmlns="http://www.loc.gov/MARC21/slim">

  <leader>     nam a22     7a 4500</leader>
  <datafield tag="999" ind1=" " ind2=" ">
    <subfield code="c">29389</subfield>
    <subfield code="d">29389</subfield>
  </datafield>
  <controlfield tag="008">171205b        xxu||||| |||| 00| 0 eng d</controlfield>
  <datafield tag="020" ind1=" " ind2=" ">
    <subfield code="a">9789966257413</subfield>
  </datafield>
  <datafield tag="050" ind1=" " ind2=" ">
    <subfield code="a">AFR DT 433.584 .K3 2012</subfield>
  </datafield>
  <datafield tag="100" ind1=" " ind2=" ">
    <subfield code="a">Karume, Njega</subfield>
  </datafield>
  <datafield tag="245" ind1=" " ind2=" ">
    <subfield code="a">Beyond Expectations /</subfield>
    <subfield code="b">From Charcoal to Gold /</subfield>
    <subfield code="c">Njega, Karume.</subfield>
  </datafield>
  <datafield tag="250" ind1=" " ind2=" ">
    <subfield code="a">1st ed.</subfield>
  </datafield>
  <datafield tag="260" ind1=" " ind2=" ">
    <subfield code="a">Kenya:</subfield>
    <subfield code="b">kenway,</subfield>
    <subfield code="c">2012.</subfield>
  </datafield>
  <datafield tag="300" ind1=" " ind2=" ">
    <subfield code="a">335p.</subfield>
    <subfield code="b">include index.</subfield>
    <subfield code="c">26cm</subfield>
  </datafield>
  <datafield tag="650" ind1=" " ind2=" ">
    <subfield code="a">Bibliography</subfield>
  </datafield>
  <datafield tag="700" ind1=" " ind2=" ">
    <subfield code="a">Mutua wa Gethoi.</subfield>
  </datafield>
  <datafield tag="942" ind1=" " ind2=" ">
    <subfield code="2">lcc</subfield>
    <subfield code="c">AFRICANA</subfield>
    <subfield code="h">AFR DT 433.584 .K3 2012</subfield>
  </datafield>
  <datafield tag="952" ind1=" " ind2=" ">
    <subfield code="0">0</subfield>
    <subfield code="1">0</subfield>
    <subfield code="2">lcc</subfield>
    <subfield code="4">0</subfield>
    <subfield code="7">0</subfield>
    <subfield code="a">MUC</subfield>
    <subfield code="b">MUC</subfield>
    <subfield code="c">AFR</subfield>
    <subfield code="d">2017-12-05</subfield>
    <subfield code="e">Purchase (UNES)</subfield>
    <subfield code="g">1775.00</subfield>
    <subfield code="l">2</subfield>
    <subfield code="o">AFR DT 433.584 .K3 2012</subfield>
    <subfield code="p">37784</subfield>
    <subfield code="r">2020-10-24</subfield>
    <subfield code="s">2020-10-24</subfield>
    <subfield code="w">2017-12-05</subfield>
    <subfield code="y">AFRICANA</subfield>
  </datafield>
  <datafield tag="952" ind1=" " ind2=" ">
    <subfield code="0">0</subfield>
    <subfield code="1">0</subfield>
    <subfield code="2">lcc</subfield>
    <subfield code="4">0</subfield>
    <subfield code="7">0</subfield>
    <subfield code="a">MUC</subfield>
    <subfield code="b">MUC</subfield>
    <subfield code="c">TECH</subfield>
    <subfield code="d">2017-12-05</subfield>
    <subfield code="e">Purchase (UNES)</subfield>
    <subfield code="g">1775.00</subfield>
    <subfield code="l">1</subfield>
    <subfield code="o">AFR DT 433.584 .K3 2012</subfield>
    <subfield code="p">37783</subfield>
    <subfield code="r">2020-02-28</subfield>
    <subfield code="s">2020-02-28</subfield>
    <subfield code="w">2017-12-05</subfield>
    <subfield code="y">AFRICANA</subfield>
  </datafield>
  <datafield tag="952" ind1=" " ind2=" ">
    <subfield code="0">0</subfield>
    <subfield code="1">0</subfield>
    <subfield code="2">lcc</subfield>
    <subfield code="4">0</subfield>
    <subfield code="7">0</subfield>
    <subfield code="a">MUC</subfield>
    <subfield code="b">MUC</subfield>
    <subfield code="c">AFR</subfield>
    <subfield code="d">2017-12-05</subfield>
    <subfield code="e">Purchase (UNES)</subfield>
    <subfield code="g">1775.00</subfield>
    <subfield code="l">2</subfield>
    <subfield code="o">AFR DT 433.584 .K3 2012</subfield>
    <subfield code="p">37782</subfield>
    <subfield code="r">2021-10-07</subfield>
    <subfield code="s">2021-10-07</subfield>
    <subfield code="w">2017-12-05</subfield>
    <subfield code="y">AFRICANA</subfield>
  </datafield>
</record>
